Multiple Choice City Quiz - Parkersburg - Statistics

General Stats
  • This quiz has been taken 5 times
  • The average score is 2 of 10
Answer Stats
Question Answer % Correct
What is Blennerhassett? An island
67%
When was Parkersburg charted by Virginia? 1820
33%
When was Parkersburg chartered as a city? 1860
33%
What is the unemployment rate of Parkersburg? 3.9%
33%
What county is Parkersburg located in? Wood
33%
What is the area (in square miles) of Parkersburg? 12.2 miles^2
0%
What is the population of Parkersburg? 29k
0%
Who founded Parkersburg in 1785? Alexander Parker
0%
What was Parkersburg's name before 1810 Newport
0%
What 2 rivers is Parkersburg located on? Ohio and Little Kanawha
0%
No matching quizzes found
Score Distribution
Percent of People with Each Score
Percentile by Number Answered
Your Score History
You have not taken this quiz